The First Woman Doctor : (Record no. 5147)

MARC details
000 -LEADER
fixed length control field 00915nam a22002897a 4500
001 - CONTROL NUMBER
control field 5147
003 - CONTROL NUMBER IDENTIFIER
control field FISKH
005 - DATE AND TIME OF LATEST TRANSACTION
control field 20241107144913.0
008 - FIXED-LENGTH DATA ELEMENTS--GENERAL INFORMATION
fixed length control field 241107b cb ||||| |||| 00| 0 eng d
020 ## - INTERNATIONAL STANDARD BOOK NUMBER
International Standard Book Number 9780590447676
040 ## - CATALOGING SOURCE
Original cataloging agency FISKH
Language of cataloging eng
Transcribing agency FISKH
Modifying agency FISKH
050 ## - LIBRARY OF CONGRESS CALL NUMBER
Classification number R154.B623
082 ## - DEWEY DECIMAL CLASSIFICATION NUMBER
Classification number 610.69520924
100 ## - MAIN ENTRY--PERSONAL NAME
Personal name Barker, Rachel
245 ## - TITLE STATEMENT
Title The First Woman Doctor :
Remainder of title The Story of Elizabeth Blackwell, M.D. /
Statement of responsibility, etc. by Rachel Baker
260 ## - PUBLICATION, DISTRIBUTION, ETC.
Place of publication, distribution, etc. New York :
Name of publisher, distributor, etc. Scholastic ;
Date of publication, distribution, etc. 1944 .
300 ## - PHYSICAL DESCRIPTION
Extent 188 pages :
Other physical details illustrations ;
Dimensions 20 cm .
490 ## - SERIES STATEMENT
Series statement Scholastic Biography
505 ## - FORMATTED CONTENTS NOTE
Formatted contents note Z <br/>
520 ## - SUMMARY, ETC.
Summary, etc. A biography recounting the struggles and achievements of the first woman doctor in the United States.
521 8# - TARGET AUDIENCE NOTE
Target audience note 1120 <br/>
Source Lexile <br/>
521 8# - TARGET AUDIENCE NOTE
Target audience note Z <br/>
Source Raz-Plus <br/>
650 ## - SUBJECT ADDED ENTRY--TOPICAL TERM
Topical term or geographic name entry element medicine
Form subdivision non-fiction
700 ## - ADDED ENTRY--PERSONAL NAME
Personal name Copelman, Evelyn
Relator term illustrator
942 ## - ADDED ENTRY ELEMENTS (KOHA)
Source of classification or shelving scheme Dewey Decimal Classification
Koha item type Books
Suppress in OPAC No
Holdings
Withdrawn status Lost status Source of classification or shelving scheme Damaged status Not for loan Collection Home library Current library Shelving location Date acquired Total Checkouts Full call number Barcode Date last seen Copy number Price effective from Koha item type
    Dewey Decimal Classification     Non-Fiction Footprints International School Library Network Toul Kork Campus Footprints International School Library Network Toul Kork Campus TTP Secondary Non-Fiction Bookshelves 11/07/2024   BAK 610.69520924 R154.B623 FISSE00558 11/07/2024 1 11/07/2024 Books
    Dewey Decimal Classification     Non-Fiction Footprints International School Library Network Toul Kork Campus Footprints International School Library Network Toul Kork Campus TTP Secondary Non-Fiction Bookshelves 11/07/2024   BAK 610.69520924 R154.B623 FISSE00556 11/07/2024 2 11/07/2024 Books
    Dewey Decimal Classification     Non-Fiction Footprints International School Library Network Toul Kork Campus Footprints International School Library Network Toul Kork Campus TTP Secondary Non-Fiction Bookshelves 11/07/2024   BAK 610.69520924 R154.B623 FISSE00557 11/25/2024 3 11/07/2024 Books